Chefs du gouvernement français - Mort subite - Statistiques

Statistiques générales
  • Ce quiz a été pris 651 fois
  • Le résultat moyen est 4 sur 13
Answers on the Grid
Answers color-coded by a green-red scale on the quiz's grid according to % correct below.
Pierre Waldeck-Rousseau
Nicolas Sarkozy
François Hollande
Georges Pompidou
François Mitterrand
Charles De Gaulle
Philippe Pétain
Aristide Briand
Georges Clemeneau
Patrice de Mac-Mahon
Bernard Cazeneuve
Lucie Castets
Pierre Bérégovoy
Alain Juppé
Jack Lang
Jean-Pierre Raffarin
Bruno Mégret
Pierre Joxe
Georges Marchais
Edouard Daladier
Leon Blum
Jules Ferry
Gerald Darmanin
Alain Poher
 
Statistiques - réponses
Réponse % Correct
Bernard Cazeneuve
45%
Jean-Pierre Raffarin
45%
Georges Pompidou
44%
Leon Blum
42%
Alain Juppé
39%
Pierre Bérégovoy
34%
Charles De Gaulle
32%
Georges Clemeneau
29%
Philippe Pétain
28%
Edouard Daladier
24%
Jules Ferry
24%
Aristide Briand
22%
Pierre Waldeck-Rousseau
16%
Aucun quiz correspondant
Distribution des résultats
% des personnes avec chaque résultat
Percentile par nombre de réponses
Votre historique - résultats
Vous n’avez pas pris ce quiz